The Constitution of India (Record no. 20037)
[ view plain ]
| 000 -LEADER | |
|---|---|
| fixed length control field | 00348nam a22001457a 4500 |
| 008 - FIXED-LENGTH DATA ELEMENTS--GENERAL INFORMATION | |
| fixed length control field | 230523b |||||||| |||| 00| 0 eng d |
| 020 ## - INTERNATIONAL STANDARD BOOK NUMBER | |
| ISBN | 9789391211844 |
| 100 ## - MAIN ENTRY--AUTHOR NAME | |
| Personal name | P. M. Bakshi |
| 245 ## - TITLE STATEMENT | |
| Title | The Constitution of India |
| 250 ## - EDITION STATEMENT | |
| Edition statement | 18th Ed. |
| 260 ## - PUBLICATION, DISTRIBUTION, ETC. (IMPRINT) | |
| Place of publication | Haryana |
| Name of publisher | Universal Pub |
| Year of publication | 2023 |
| 300 ## - PHYSICAL DESCRIPTION | |
| Number of Pages | 587 |
| 546 ## - LANGUAGE NOTE | |
| Language note | English |
| 942 ## - ADDED ENTRY ELEMENTS (KOHA) | |
| Source of classification or shelving scheme | Dewey Decimal Classification |
| Koha item type | Books |
| Accession Number | Cost, normal purchase price | Bill Date | Source of acquisition | Price effective from | Koha item type | Withdrawn / writtenoff status | Damaged status | Not for loan | Permanent Location | Current Location | Shelving location | Date acquired | Lost/ Missing status | department |
|---|---|---|---|---|---|---|---|---|---|---|---|---|---|---|
| LLB 601 | 495.00 | 11-05-2023 | ABD Publisher, Jammu | 05/23/2023 | Books | Not For Loan | MIET Library, Jammu | MIET Library, Jammu | 180/2 | 05/15/2023 | BBA LLB | |||
| LLB 602 | 495.00 | 11-05-2023 | ABD Publisher, Jammu | 05/23/2023 | Books | MIET Library, Jammu | MIET Library, Jammu | 179/5 | 05/15/2023 | BBA LLB | ||||
| LLB 603 | 495.00 | 11-05-2023 | ABD Publisher, Jammu | 05/23/2023 | Books | MIET Library, Jammu | MIET Library, Jammu | 179/5 | 05/15/2023 | BBA LLB | ||||
| LLB 604 | 495.00 | 11-05-2023 | ABD Publisher, Jammu | 05/23/2023 | Books | MIET Library, Jammu | MIET Library, Jammu | 179/5 | 05/15/2023 | BBA LLB | ||||
| LLB 605 | 495.00 | 11-05-2023 | ABD Publisher, Jammu | 05/23/2023 | Books | MIET Library, Jammu | MIET Library, Jammu | 179/5 | 05/15/2023 | BBA LLB | ||||
| LLb 978 | 495.00 | 24-5-2023 | ABD Jammu. | 05/31/2023 | Books | MIET Library, Jammu | MIET Library, Jammu | 179/5 | 05/26/2023 | BBA LLB | ||||
| LLb 979 | 495.00 | 24-5-2023 | ABD Jammu. | 05/31/2023 | Books | MIET Library, Jammu | MIET Library, Jammu | 179/5 | 05/26/2023 | BBA LLB | ||||
| LLb 980 | 495.00 | 24-5-2023 | ABD Jammu. | 05/31/2023 | Books | MIET Library, Jammu | MIET Library, Jammu | 179/5 | 05/26/2023 | BBA LLB | ||||
| LLb 981 | 495.00 | 24-5-2023 | ABD Jammu. | 05/31/2023 | Books | MIET Library, Jammu | MIET Library, Jammu | 179/5 | 05/26/2023 | BBA LLB | ||||
| LLb 982 | 495.00 | 24-5-2023 | ABD Jammu. | 05/31/2023 | Books | MIET Library, Jammu | MIET Library, Jammu | 179/5 | 05/26/2023 | BBA LLB |